000 00682cab a2200241 4500
001 WB3142-01
008 090401t1995 xxu||||| |||| 00| 0 eng d
035 _a(Sirsi) u21883
041 _aeng
245 _aDriving into the boom times
260 _c1995
350 _a0
490 _aIrish Times
_v8 November 1995, 21(1)
520 _aLooks at the increase in car-parks in Dublin due to tax incentives and the high demand for car parking spaces. Explains the tax breaks.
650 _aCAR PARKING
650 _aDUBLIN
650 _aFINANCE ACT 1995
650 _aIRELAND
650 _aTAX RELIEF
690 _aBUILT ENVIRONMENT
942 _n0
948 _c04/03/1997
999 _c14663
_d14663